Online katalóg knižníc regiónu Turca

Kronika 20. storočia (Record no. 20153)

MARC details
000 -LEADER
fixed length control field 02206nam a2200565 a 4500
001 - CONTROL NUMBER
control field 20153
003 - CONTROL NUMBER IDENTIFIER
control field VRT
005 - DATE AND TIME OF LATEST TRANSACTION
control field 20260117130732.0
008 - FIXED-LENGTH DATA ELEMENTS--GENERAL INFORMATION
fixed length control field 160830s2007 xo oab g e 000 0dslo
015 ## - NATIONAL BIBLIOGRAPHY NUMBER
National bibliography number SNBA2008/11-05193
020 ## - INTERNATIONAL STANDARD BOOK NUMBER
International Standard Book Number 9788089144808 (súbor)
020 ## - INTERNATIONAL STANDARD BOOK NUMBER
International Standard Book Number 9788089144815 (viaz. : 1. zv.)
035 ## - SYSTEM CONTROL NUMBER
System control number 212B555B-E148-4D4D-B745-5FCCED7B56E6
035 ## - SYSTEM CONTROL NUMBER
System control number urn:nbn:sk:snk-amjveg
035 ## - SYSTEM CONTROL NUMBER
System control number urn:nbn:sk:snk-am0080c3
039 #9 - LEVEL OF BIBLIOGRAPHIC CONTROL AND CODING DETAIL [OBSOLETE]
Level of rules in bibliographic description 202110062102
Level of effort used to assign nonsubject heading access points AUTHORITY
Level of effort used to assign subject headings 202110062050
Level of effort used to assign classification AUTHORITY
Level of effort used to assign subject headings 202003060745
Level of effort used to assign classification msvkbb04
Level of effort used to assign subject headings 202003050914
Level of effort used to assign classification msvkbb04
040 ## - CATALOGING SOURCE
Original cataloging agency VTHK
Language of cataloging slo
Transcribing agency VTHK
Modifying agency SNK
Description conventions AACR2
041 1# - LANGUAGE CODE
Language code of text/sound track or separate title slo
Language code of original ger
044 ## - COUNTRY OF PUBLISHING/PRODUCING ENTITY CODE
MARC country code xo
ISO country code SK
072 #7 - SUBJECT CATEGORY CODE
Subject category code 94(100)
Subject category code subdivision Svetové dejiny
Source konspekt
080 ## - UNIVERSAL DECIMAL CLASSIFICATION NUMBER
Universal Decimal Classification number 94(100)
Edition identifier 2011
080 ## - UNIVERSAL DECIMAL CLASSIFICATION NUMBER
Universal Decimal Classification number (031)
Edition identifier 2011
080 ## - UNIVERSAL DECIMAL CLASSIFICATION NUMBER
Universal Decimal Classification number (048.8)
Edition identifier 2011
130 0# - MAIN ENTRY--UNIFORM TITLE
Uniform title Chronik des 20. Jahrhunderts
Language of a work Slovensky
245 10 - TITLE STATEMENT
Title Kronika 20. storočia
Number of part/section of a work [1]
Name of part/section of a work 1900-1909
Statement of responsibility, etc. [z nemeckého originálu ... preložili, doplnili a upravili Ladislav Deák ... [et al.] ; slovenské vydanie zostavila Edita Ivaničková]
246 30 - VARYING FORM OF TITLE
Title proper/short title 1900-1909
250 ## - EDITION STATEMENT
Edition statement 2. slov. vyd.
260 ## - PUBLICATION, DISTRIBUTION, ETC.
Place of publication, distribution, etc. Bratislava
Name of publisher, distributor, etc. Fortuna Libri
-- Petit Press
Date of publication, distribution, etc. 2007
300 ## - PHYSICAL DESCRIPTION
Extent 111 s.
Other physical details fotogr., mp.
Dimensions 30 cm
490 1# - SERIES STATEMENT
Series statement Edícia denníka SME
648 #7 - SUBJECT ADDED ENTRY--CHRONOLOGICAL TERM
Chronological term 1900-1909
Source of heading or term SNKPH
650 07 - SUBJECT ADDED ENTRY--TOPICAL TERM
Topical term or geographic name entry element svetové dejiny
Source of heading or term SNKPH
650 07 - SUBJECT ADDED ENTRY--TOPICAL TERM
Topical term or geographic name entry element World history
Source of heading or term SNKPHeng
655 #7 - INDEX TERM--GENRE/FORM
Genre/form data or focus term encyklopédie
Source of term SNKPH
655 #7 - INDEX TERM--GENRE/FORM
Genre/form data or focus term chronologické prehľady
Source of term SNKPH
655 #7 - INDEX TERM--GENRE/FORM
Genre/form data or focus term Encyclopedias
Source of term SNKPHeng
700 1# - ADDED ENTRY--PERSONAL NAME
Personal name Deák, Ladislav,
Dates associated with a name 1931-2011
Relationship trl
700 1# - ADDED ENTRY--PERSONAL NAME
Personal name Ivaničková, Edita,
Dates associated with a name 1948-
Relationship com
830 #0 - SERIES ADDED ENTRY--UNIFORM TITLE
Uniform title Edícia denníka SME
942 ## - ADDED ENTRY ELEMENTS (KOHA)
Source of classification or shelving scheme Dewey Decimal Classification
Koha item type Odborná literatúra pre dospelých
Suppress in OPAC No
949 ## - LOCAL PROCESSING INFORMATION (OCLC)
6 3822040004
a kuruktkeD-3604/1
b kuruktke23/681
o D2023/Šechný, Jozef
949 ## - LOCAL PROCESSING INFORMATION (OCLC)
6 2889388001
a savukV 55411
b savuk2023/1490
949 ## - LOCAL PROCESSING INFORMATION (OCLC)
6 273K0689903
a svkpoC 64304/I
b svkpo679771
949 ## - LOCAL PROCESSING INFORMATION (OCLC)
6 17A0570121
9 snkKRO/1 94"19"
a snkSB 75729/1 D2
b snk2008/1564
o f.č.:08/0005
949 ## - LOCAL PROCESSING INFORMATION (OCLC)
6 17A0601777
a snkSB 75729/1
b snk2008/19299
o 1800/08
s 6100:20140925
949 ## - LOCAL PROCESSING INFORMATION (OCLC)
6 270001000642142
a svkbbC 64668-1
b svkbbm 789579
980 ## - EQUIVALENCE OR CROSS-REFERENCE-SERIES STATEMENT--PERSONAL NAME/TITLE [LOCAL, CANADA]
Personal name 94(100)
Holdings
Stav vyradenia Strata Poškodenie Spôsob nadobudnutia Domovská knižnica Aktuálna knižnica Dátum nadobudnutia Total checkouts Čiarový kód exemplára Date last seen Typ exemplára Verejná poznámka
      Dar Obecná knižnica Horná Štubňa Obecná knižnica Horná Štubňa 17.01.2026   4736200165 17.01.2026 Odborná literatúra pre dospelých 1900 - 1909
      Dar Obecná knižnica Horná Štubňa Obecná knižnica Horná Štubňa 17.01.2026   4736200166 17.01.2026 Odborná literatúra pre dospelých 1910 - 1919
      Dar Obecná knižnica Horná Štubňa Obecná knižnica Horná Štubňa 17.01.2026   4736200167 17.01.2026 Odborná literatúra pre dospelých 1920 - 1929
      Dar Obecná knižnica Horná Štubňa Obecná knižnica Horná Štubňa 17.01.2026   4736200168 17.01.2026 Odborná literatúra pre dospelých 1930 - 1939
      Dar Obecná knižnica Horná Štubňa Obecná knižnica Horná Štubňa 17.01.2026   4736200169 17.01.2026 Odborná literatúra pre dospelých 1940 - 1949
      Dar Obecná knižnica Horná Štubňa Obecná knižnica Horná Štubňa 17.01.2026   4736200170 17.01.2026 Odborná literatúra pre dospelých 1950 - 1959
      Dar Obecná knižnica Horná Štubňa Obecná knižnica Horná Štubňa 17.01.2026   4736200171 17.01.2026 Odborná literatúra pre dospelých 1960 - 1969
      Dar Obecná knižnica Horná Štubňa Obecná knižnica Horná Štubňa 17.01.2026   4736200172 17.01.2026 Odborná literatúra pre dospelých 1970 - 1979
      Dar Obecná knižnica Horná Štubňa Obecná knižnica Horná Štubňa 17.01.2026   4736200173 17.01.2026 Odborná literatúra pre dospelých 1980 - 1989
      Dar Obecná knižnica Horná Štubňa Obecná knižnica Horná Štubňa 17.01.2026   4736200174 17.01.2026 Odborná literatúra pre dospelých 1990 - 1995
      Dar Obecná knižnica Horná Štubňa Obecná knižnica Horná Štubňa 17.01.2026   4736200175 17.01.2026 Odborná literatúra pre dospelých 1996 - 1999
Projekt je podporený Slovenskou asociáciou knižníc
Prevádzkuje Turčianska knižnica Martin 2026